000 00615nam a2200205Ia 4500
003 GCL
008 140319s9999 xx 000 0 ara d
040 _aGCL /
_cGCL
082 0 4 _aق
_b932
_bع م
100 1 _aعبدالمنعم ابوبكر
245 1 0 _aمراكب الشمس /
_cعبدالمنعم ابوبكر
260 _a[S.N] :
_bمطبعة جامعة القاهرة ،
_c1958
300 _a16 ص
490 _a
650 0 4 _aمصر القديمة
650 0 4 _aالحضارة الفرعونية
650 0 4 _aالاثار الفرعونية
650 0 4 _aمراكب الشمس
942 _2ddc
_cBK
999 _c37110
_d37110